13 reasons why - Statistics

General Stats
  • This quiz has been taken 387 times
  • The average score is 8 of 15
Answer Stats
Hint Answer % Correct
5 Who does Hannah say doesnt belong on the tapes? Clay
94%
1 How many people are on the tapes? 12
92%
3 Which two people get raped by Bryce Walker? Hannah and Jessica
92%
2 Who is on them twice? Justin
89%
4 Who does Montgomery beat up in the parking lot? Alex
73%
11 Who was Hannahs summer hookup? Zach
70%
9 Who's dollar valentines list is Hannah on? Marcus
69%
15 What song do Hannah and Clay dance to? The night we met
57%
10 How does Jeff die? Car accident
45%
8 What car does Zach drive? Audi
44%
13 What does the baseball team call the place they hang out? The Clubhouse
33%
12 What does Chloe tell Jessica at the end on the 2nd season? Shes pregnant
28%
6 What is the first line of Hannahs poem? Today I am wearing lacy black underwear.
17%
14 ^Where is it at? Behind the baseball field
9%
7 What does Zach steal from Hannah? Drawings
4%
No matching quizzes found
Score Distribution
Percent of People with Each Score
Percentile by Number Answered
Your Score History
You have not taken this quiz